MDQL
is popping MORE tags! Check the
thread
!
Quizzes
Events
Quiz Creation
Community
Videos
Private Events
Remove Ads
Sign In
Join for FREE
Feedback
Dark Mode
Quiz Categories
Sports
Geography
Music
Movies
Television
Just For Fun
Miscellaneous
History
Literature
Language
Science
Gaming
Entertainment
Religion
Holiday
For Kids
Quiz Lab
Recent
Popular Today
Quiz Kudos Today
Editor Picks
Curator Picks
Quizzes by...
Day
Popularity
Type
Ratings
Length
Year
Community
Subscriptions
Recent Discussions
Orange Saloon
Badges
Playlists
Quests
Create
Leaderboards
Showdown
Live 5
Trivia Bingo
Activity
Puzzle Library
Sporcle Events
Private Events
Virtual Trivia
Globe League
Become a Host
Pub Owners
SporcleCon
Opinionation
Our Games
Videos
Blog
Mobile Apps
Partnerships
Remove Ads and Go Orange
Feedback
Sports
Athletes
MLB
NBA
NHL
NFL
Soccer
Sports Teams
WWE
NCAA
Football
Premier League
Basketball
Baseball
Hockey
Golf
Tennis
Cricket
Rugby
Auto Racing
Olympics
World Cup
Sports
Athletes
MLB
NBA
NHL
NFL
Soccer
Sports Teams
WWE
NCAA
Football
Premier League
Basketball
Baseball
Hockey
Golf
Tennis
Cricket
Rugby
Auto Racing
Olympics
World Cup
Random Quiz
Search Sporcle
×
Quiz Lab
Quiz Lab
Sports
Decade
Type in answers that appear in a list
Type in answers that appear in a list
Classic
Best Score? Go Orange.
Premier League decade 2000-2009 Stats
Can you name the teams with the most points gained in the Premier League from 1st Jan 2000 to 31 Dec 2009?
By
QuizKingJon
6m
38 Questions
7,657 Plays
7,657 Plays
7,657 Plays
Comments
Comments
Give Quiz Kudos
Give Quiz Kudos
-
- Ratings
hide this ad
Replay
Link that replays current quiz
Next Quiz
Link to next quiz in quiz playlist
You Got
0%
They Got
Avg Score
79%
Avg Friend Score
Upgrade to see
Score Distribution
Jump to the score distribution portion of the page
Score
0/38
Timer
06:00
0
Plays Today
Games Played
Team
% Correct
381
Manchester United
99.5%
382
Chelsea
99%
379
Arsenal
99%
380
Liverpool
98.5%
381
Tottenham Hotspur
96.2%
379
Everton
95.8%
323
Manchester City
94%
360
Newcastle United
93.7%
380
Aston Villa
93.2%
266
Sunderland
90.1%
305
West Ham United
89.5%
323
Fulham
85.5%
324
Blackburn Rovers
85.1%
170
Leeds United
84.7%
152
West Bromwich Albion
84.5%
209
Southampton
83.5%
322
Bolton Wanderers
81.1%
210
Birmingham City
79.8%
248
Portsmouth
79%
Games Played
Team
% Correct
132
Derby County
78.9%
38
Norwich City
77.5%
57
Stoke City
77.3%
171
Wigan Athletic
75.4%
58
Wolverhampton Wanderers
75.2%
58
Hull City
74.7%
361
Middlesbrough
74.6%
20
Burnley
71.2%
132
Leicester City
70.5%
38
Sheffield United
68.8%
38
Crystal Palace
68.6%
266
Charlton Athletic
68.2%
76
Ipswich Town
66.6%
76
Reading
63.2%
19
Sheffield Wednesday
63.2%
56
Watford
60.6%
57
Coventry City
54.9%
57
Bradford City
52.9%
18
Wimbledon
50.2%
Quiz Playlist
Details
Report
Send in Message
Add To Playlist
Classic:
Type in answers that appear in a list
Last Updated: Feb 16, 2017
Quiz Scoreboard
CHALLENGE
Sign Up to Join the Scoreboard
Show All
Scores
Hide
Comments
May contain spoilers
Recently Published
Two Season TV Shows II
by 123Four
Television
10m
Image Sorting: Flags VI
by Barbecue
Geography
2m
Find the 'City' Movie
by crazypaving
Movies
60s
More to Explore
Quiz From the Vault
Featured Blog Post
14 Easter Pick-up Lines to Find Eggs With
hide this ad
You Might Also Like...
Tags
Decade Quiz
Premier League Quiz
Soccer Quiz
2000
2000s
2009
December
Gained
jan
January
League
point
Premier
team
Today's Top Quizzes in Sports
Browse Sports
hide this ad
Today's Top Quizzes in Decade
Browse Decade
Top Contributed Quizzes in Sports
1
Les meilleurs buteurs des matchs entre le PSG et l’OM
2
Les entraîneurs de l'OM et du PSG au 21e siècle
3
2022 World Cup Stars
4
Les joueurs passés par le PSG et l'OM
5
Players with Multiple 50 Home Run Seasons
6
Criteria MLB: Left Handed Sluggers
7
FIFA Club World Cup Champions
8
Les joueurs passés par le LOSC et le RC Lens
9
NBA Logic Puzzle 2.0
10
Top 10 NHL Goal Scorers of All Time
Explore More
Trending Topics
Crossword
Anime
Kpop
Disney
Harry Potter
NBA
Marvel
Pokémon
Soccer
The Office
NFL
Puzzle
Country
WWE
Song
hide this ad
More By:
QuizKingJon
Quiz
Plays
Rating
Category
Featured
Created
Big 4 English Sports
25,206
4.36
Sports
Oct 10, 2009
Premier League decade 2000-2009
7,657
4.29
Sports
Jan 1, 2010
Commonwealth Games Teams
1,810
4.25
Sports
Sep 26, 2009
F1 circuits 2000-2010
947
4.57
Sports
Oct 11, 2009
Premier League Multiple Medal Winners
263
5.00
Sports
Mar 12, 2012
Go to Creator's Profile
Score Distribution
Quiz Creator Spotlight
QuizKingJon
Follow
Send a Message
Quizzes Created
-
Created Quiz Play Count
-
More By This Creator
Popular Quizzes Today
1
Colored Red Africa Blitz
2
Find the US States - No Outlines Minefield
3
Find the 'City' Movie
4
5x2 Blitz: Bands
5
The Countries of the World
6
Find the US States
7
Find the Countries of Europe - No Outlines Minefield
8
US States
More Sports Quizzes
Big Five Top Scorers 1980-1981
Quiz Lab
Trending Quizzes
Colored Red Europe Blitz I
Colored Red Africa Blitz II
Colored Red Europe Blitz II
Colored Red Africa Blitz III
Colored Red Europe Blitz III
Recently Updated
How Do You Spell That?
pecheneg
Godzilla Movies
pecheneg
Grab Bag: 4-10 Letters
pecheneg
2024 March Madness Bracket
pecheneg
Famous TV Couples
Peacemaker
Champions League XIs: Real Madrid
pecheneg
Largest US Cities 1790-2010
pecheneg
Rides in Walt Disney World
pecheneg
Most Oscar Losses (Acting)
pecheneg
Beyoncé Albums
pecheneg
Trending Topics
Anime
Crossword
Harry Potter
Kpop
Marvel
NBA
Disney
Country
Song
WWE
Puzzle
Pokémon
Soccer
NFL
The Office
Your Account Isn't Verified!
In order to create a playlist on Sporcle, you need to verify the email address you used during registration. Go to your
Sporcle Settings
to finish the process.
Report this User
Report this user for behavior that violates our
Community Guidelines
.
Details:
Send Report
Go to the Sporcle.com Mobile Site →
Comments